000 02048nam a2200397 c 4500
003 BLK
005 20201126115116.0
008 180409b bul|||||r ||||||| ||bul||
010 _aKNG00100872000
020 _a954-90886-2-6
_bиздат.: Stovi
040 _aBLK
041 _aBUL
_cBUL
080 _aОрганизация на здравеопазването. Вж и 178; 340.6; 351.77; 361/362
_b614.2
_x
_z614.2
080 _aСоциално осигуряване при болест
_b368.42
_x
_z368.42
700 1 _aУилямс, Алън
_eсъстав.
_9374165
700 1 _aУилямс, Алън
_eпредг. от
_9374165
700 1 _aДей, Нирмала Рагбир
_eпредг. от
_9306604
700 1 _aКромичев, Димитър
_eпрев. от англ.
_984323
700 1 _aСалчев, Петко
_eпрев. от англ.
_9306605
139 _aЗдравна икономика
_bЗ 50
245 1 0 _aЗдравна икономика
_bСборник
_cсъстав. Алън Уилямс; предг. от Алън Уилямс; предг. от Нирмала Рагбир Дей; прев. от англ. Димитър Кромичев; прев. от англ. Петко Салчев.
257 _aGBR
260 Пловдив
_bStovi
_c2001
_fПловдив : Полиграфия
300 _a576 с.
_bс табл., сх.
_c21 см
380 _a61
500 _aДруги състав : М. Михайлова, Н. Рагбир Дей. - Кн. е съвместно изд. на бълг и англ. авт. - Съдържа и Glossary of Common health economists. - Библиогр. след отд. части.
650 4 _aЗдравеопазване - организация и управление
_9253867
650 4 _aЗдравно осигуряване
_9296833
653 _aздравна икономика
653 _aздравеопазване
852 _aЦб 211156
856 4 _qpdf
_u
856 4 _qpdf
_u
942 _cKNG
_n0
_02
944 _aCR
_c01.01.2001
_kТеодора_Стоянова
944 _aED
_c24.07.2014
_k
999 _c95989
_d95989